[Event "Zicosur 2016"]
[Site "?"]
[Date "2016.01.09"]
[Round "7.50"]
[White "OROSTICA, Pablo"]
[Black "MAMANI, Julio"]
[Result "1-0"]
[WhiteElo "1811"]
[BlackElo "1362"]
[PlyCount "67"]
[EventDate "2016.??.??"]

1. e4 d6 2. d4 g6 3. f4 Bg7 4. Nf3 Nf6 5. Bd3 b6 6. O-O O-O 7. c4 c5 8. d5 Ne8
9. e5 e6 10. Nc3 f5 11. exf6 Nxf6 12. Ng5 exd5 13. Nxd5 Nc6 14. Qf3 Qd7 15. Bd2
Bb7 16. Bc3 Nd4 17. Bxd4 cxd4 18. Rae1 Nxd5 19. cxd5 Bh6 20. Ne6 Rf6 21. Rc1
Bxd5 22. Qxd5 Qxe6 23. Qxa8+ Rf8 24. Qf3 Bxf4 25. Bc4 Qxc4 26. Rxc4 Be3+ 27.
Kh1 Rxf3 28. Rxf3 Kg7 29. Rc7+ Kh6 30. Rxa7 g5 31. Rf6+ Kh5 32. Rxd6 Kg4 33.
Rxd4+ Bxd4 34. Ra4 1-0

[Event "zicosur 2016"]
[Site "?"]
[Date "2016.01.09"]
[Round "7.61"]
[White "BRIZUELA, Javier"]
[Black "GARMENDIA, Lucas"]
[Result "1-0"]
[WhiteElo "1534"]
[BlackElo "1468"]
[PlyCount "117"]
[EventDate "2016.??.??"]

1. d4 c5 2. Nf3 cxd4 3. Nxd4 d6 4. e4 Nf6 5. Nc3 g6 6. Bc4 Bg7 7. O-O O-O 8.
Bg5 Nc6 9. Re1 Bd7 10. Bb3 Rb8 11. Be3 a6 12. a3 Na5 13. Ba2 b5 14. b4 Qc7 15.
Nd5 Nxd5 16. exd5 Nc4 17. Bb3 Nxe3 18. Rxe3 Rfe8 19. Qd3 Rbc8 20. Rae1 Bf6 21.
h3 Qb6 22. Nf3 Rc3 23. Qe2 Rxe3 24. Qxe3 Qxe3 25. Rxe3 Rc8 26. g4 Kf8 27. Kg2
Rc3 28. Re2 h6 29. Nd2 Be5 30. Nb1 Rc7 31. Re4 Bc8 32. c4 bxc4 33. Rxc4 Rxc4
34. Bxc4 Bb7 35. Kf1 Ke8 36. Ke2 Kd7 37. b5 axb5 38. Bxb5+ Kc7 39. Bc4 Kb6 40.
Kd3 Ba6 41. Nc3 Bxc4+ 42. Kxc4 Bh2 43. Kb4 Bg1 44. Na4+ Ka6 45. f3 Be3 46. Nc3
Bc5+ 47. Ka4 e6 48. Nb5 Kb6 49. Nc3 Bd4 50. Ne4 Kc7 51. Kb5 exd5 52. Nd2 Bc3
53. Nb3 d4 54. Kc4 Kc6 55. Nxd4+ Bxd4 56. Kxd4 Kc7 57. Kd5 Kd7 58. a4 Kc7 59.
a5 1-0

[Event "Zicosur 2016"]
[Site "?"]
[Date "2016.01.09"]
[Round "7.13"]
[White "SANCHEZ, Gonzalo"]
[Black "VALENZUELA, Luis"]
[Result "1/2-1/2"]
[WhiteElo "2247"]
[BlackElo "2458"]
[PlyCount "39"]
[EventDate "2016.??.??"]

1. e4 c5 2. Nf3 d6 3. d4 cxd4 4. Nxd4 Nf6 5. Nc3 a6 6. Bg5 Nbd7 7. Bc4 Qa5 8.
Qd2 e6 9. O-O-O b5 10. Bd5 b4 11. Bxa8 bxc3 12. bxc3 d5 13. Bxf6 Nxf6 14. Nb3
Qxa2 15. Bc6+ Bd7 16. Bxd7+ Kxd7 17. Qd4 Ba3+ 18. Kd2 Nxe4+ 19. Ke3 Qxc2 20.
Qa4+ 1/2-1/2

[Event "Zicosur 2016"]
[Site "?"]
[Date "2016.01.09"]
[Round "7.35"]
[White "BELMONTE, Adriel"]
[Black "DONOSO, Sebastian"]
[Result "0-1"]
[WhiteElo "1942"]
[BlackElo "2109"]
[PlyCount "74"]
[EventDate "2016.??.??"]

1. d4 Nf6 2. c4 g6 3. Nf3 Bg7 4. g3 O-O 5. Bg2 d6 6. O-O Nbd7 7. Nc3 c6 8. e4
e5 9. d5 cxd5 10. cxd5 b5 11. a3 a5 12. Bg5 a4 13. Re1 Nc5 14. Na2 Qb6 15. Bxf6
Bxf6 16. Rc1 Bb7 17. Nb4 Bg7 18. Nd2 f5 19. Qe2 Rf7 20. Nd3 Nxd3 21. Qxd3 Qxf2+
22. Kh1 Qb6 23. Bh3 Raf8 24. Bf1 Bh6 25. Bg2 fxe4 26. Rxe4 Rf2 27. Rd1 Qc5 28.
Re2 Rxe2 29. Qxe2 Rf2 30. Qd3 Bxd2 31. Rxd2 Qc1+ 32. Rd1 Qxb2 33. Rb1 Rd2 34.
Qf1 Qd4 35. h4 Bxd5 36. Bxd5+ Qxd5+ 37. Kg1 Qd4+ 0-1

[Event "Zicosur 2016"]
[Site "?"]
[Date "2016.01.09"]
[Round "7.14"]
[White "NUNEZ CERDA, Andres"]
[Black "BELLI, Mario"]
[Result "0-1"]
[WhiteElo "1875"]
[BlackElo "2404"]
[PlyCount "56"]
[EventDate "2016.??.??"]

1. f4 Nf6 2. Nf3 g6 3. g3 Bg7 4. Bg2 O-O 5. O-O c5 6. Na3 Nc6 7. d3 d5 8. Qe1
b6 9. e4 dxe4 10. dxe4 e5 11. c3 Ba6 12. fxe5 Ng4 13. Bg5 Qc7 14. Rd1 Ngxe5 15.
Nxe5 Nxe5 16. Rd5 Rfe8 17. Qd1 h6 18. Bf6 Bxf1 19. Bxe5 Bxe5 20. Qxf1 Rad8 21.
Qd3 Qe7 22. Nc4 Bc7 23. a4 h5 24. h3 h4 25. g4 Qf6 26. Qf3 Bf4 27. Kf1 Rxd5 28.
exd5 Bg3 0-1

[Event "Zicosur 2016"]
[Site "?"]
[Date "2016.01.09"]
[Round "7.17"]
[White "CERDA, Guillermo"]
[Black "LLORENS, Marcelo"]
[Result "0-1"]
[WhiteElo "2240"]
[BlackElo "2286"]
[PlyCount "68"]
[EventDate "2016.??.??"]

1. e4 c5 2. Nf3 Nc6 3. d3 g6 4. g3 Bg7 5. Bg2 e5 6. c3 Nge7 7. O-O O-O 8. Be3
d6 9. a3 a5 10. a4 h6 11. Na3 f5 12. Qb3+ Kh8 13. Rad1 f4 14. Bc1 g5 15. Nb5 g4
16. Ne1 Ng6 17. d4 exd4 18. cxd4 Nxd4 19. Nxd4 Bxd4 20. Rxd4 cxd4 21. Nc2 Qf6
22. Qd3 Be6 23. Nxd4 Ne5 24. Qd2 f3 25. Bh1 Kh7 26. b3 Qg6 27. Qe3 Rac8 28. Rd1
Bd7 29. Bd2 b6 30. Bc1 Rfe8 31. h3 h5 32. hxg4 hxg4 33. Bxf3 Nxf3+ 34. Kg2 Nxd4
0-1

[Event "ZICOSUR 2016"]
[Site "?"]
[Date "2016.01.09"]
[Round "7.35"]
[White "MEDRANO MALDONADO, Mario"]
[Black "SANDOVAL BLANCO, Sebastian"]
[Result "1-0"]
[WhiteElo "2084"]
[BlackElo "1623"]
[PlyCount "71"]
[EventDate "2016.??.??"]

1. c4 Nf6 2. Nc3 g6 3. g3 Bg7 4. Bg2 O-O 5. d4 Re8 6. Nf3 d6 7. O-O Nbd7 8. e4
c6 9. h3 e5 10. Be3 Qc7 11. Qd2 exd4 12. Nxd4 a6 13. Rfe1 Ne5 14. b3 c5 15.
Nde2 Be6 16. Rad1 Rad8 17. Bg5 Nc6 18. Nf4 Ne7 19. Nd3 Qd7 20. Kh2 Qc7 21. Nf4
b6 22. Qc1 Bh8 23. Rd3 Rd7 24. Red1 Red8 25. Qd2 Qb8 26. Nxe6 fxe6 27. f4 Kf7
28. Bxf6 Bxf6 29. e5 Bg7 30. g4 h6 31. Ne4 Nc8 32. exd6 Bd4 33. Rxd4 cxd4 34.
Qxd4 Nxd6 35. Qf6+ Kg8 36. Qxg6+ 1-0

[Event "Zicosur 2016"]
[Site "?"]
[Date "2016.01.09"]
[Round "7.33"]
[White "GUTIERREZ, Sebastian"]
[Black "AGUILAR, pedro"]
[Result "1-0"]
[WhiteElo "2110"]
[BlackElo "1877"]
[PlyCount "101"]
[EventDate "2016.??.??"]

1. e4 e5 2. Nf3 Nc6 3. Bb5 a6 4. Ba4 Nf6 5. Qe2 b5 6. Bb3 Be7 7. O-O O-O 8. c3
d6 9. d3 Nb8 10. Nbd2 c5 11. Rd1 Qc7 12. Nf1 Be6 13. Nh4 d5 14. exd5 Nxd5 15.
Nf5 Bf6 16. N1g3 Nc6 17. Nh5 Bxf5 18. Bxd5 Qd6 19. Qf3 Bd7 20. Nxf6+ Qxf6 21.
Qxf6 gxf6 22. Be3 Rac8 23. Bxc5 Rfd8 24. Bb3 Bf5 25. d4 Na5 26. Be7 Nxb3 27.
axb3 Re8 28. Bxf6 exd4 29. Bxd4 Rc6 30. Rd2 Rce6 31. Be3 Rg6 32. Rc1 Be4 33. g3
h5 34. h4 Kh7 35. c4 Bc6 36. cxb5 Bxb5 37. Rc5 Rc6 38. Rxh5+ Kg7 39. Rdd5 f6
40. g4 Rce6 41. g5 fxg5 42. Rdxg5+ Kf6 43. Rh6+ Ke7 44. Rg7+ Kd6 45. Rxe6+ Kxe6
46. h5 Rd8 47. h6 Kf5 48. h7 Bc6 49. Kh2 Rd1 50. Rg5+ Ke6 51. Rg6+ 1-0

[Event "ZICOSUR 2016"]
[Site "?"]
[Date "2016.01.09"]
[Round "7.42"]
[White "POBLETE, Pablo"]
[Black "PINILLA, Sofia"]
[Result "1-0"]
[WhiteElo "1999"]
[BlackElo "1771"]
[PlyCount "83"]
[EventDate "2016.??.??"]

1. e4 e5 2. Nf3 Nc6 3. d4 exd4 4. Nxd4 Bc5 5. Be3 Qf6 6. c3 Nge7 7. Bc4 a6 8.
O-O O-O 9. b4 Bxd4 10. cxd4 Nxb4 11. Qb3 Nbc6 12. e5 Qh4 13. Qc3 Nf5 14. f4 d6
15. Nd2 dxe5 16. g3 exd4 17. Bxd4 Qd8 18. Bc5 Nd6 19. Nf3 Ne4 20. Qa3 Nxc5 21.
Qxc5 Bg4 22. Bd5 Bd7 23. Rab1 Rb8 24. Rfe1 b6 25. Qc4 b5 26. Qc5 Rb6 27. Rbc1
h6 28. Red1 Qf6 29. Be4 Be8 30. Bh7+ Kxh7 31. Qxf8 Rb8 32. Qc5 Rd8 33. Rxd8
Qxd8 34. Ne5 Nxe5 35. Qxe5 c6 36. Qe4+ Kh8 37. f5 Qb6+ 38. Kg2 Qd8 39. Re1 Bd7
40. Rd1 Qc8 41. Qe7 Qe8 42. Rxd7 1-0

[Event "Zicosur 2916"]
[Site "?"]
[Date "2016.01.09"]
[Round "7.30"]
[White "CHANDIA, Omar"]
[Black "DONAYRE, Bertín"]
[Result "0-1"]
[WhiteElo "1995"]
[BlackElo "2134"]
[PlyCount "78"]
[EventDate "2016.??.??"]

1. e4 c5 2. Nf3 g6 3. c4 Bg7 4. Nc3 Nc6 5. d3 d6 6. Be2 Bg4 7. Be3 Bxf3 8. Bxf3
e6 9. O-O Nge7 10. g3 O-O 11. Bg2 Qd7 12. h3 Nd4 13. Kh2 Rab8 14. Rb1 a6 15. a4
Nec6 16. f4 f5 17. Bxd4 Nxd4 18. Re1 e5 19. Nd5 b5 20. cxb5 axb5 21. a5 Qa7 22.
Ra1 c4 23. Ra2 Rfc8 24. exf5 gxf5 25. Nb4 cxd3 26. Qxd3 e4 27. Qd2 d5 28. Rc1
Qd7 29. Rxc8+ Rxc8 30. a6 Qa7 31. b3 Rc5 32. Ra3 Rc3 33. Nxd5 Rc2 34. Qe3 Re2
35. Qc1 Nf3+ 36. Kh1 Re1+ 37. Qxe1 Nxe1 38. Ne7+ Kf7 39. Nc8 Qf2 0-1

[Event "Zicosur 2016"]
[Site "?"]
[Date "2016.01.09"]
[Round "7.32"]
[White "BELMONTE, Diego Jose"]
[Black "CONDORI, Edwin"]
[Result "1/2-1/2"]
[WhiteElo "1948"]
[BlackElo "2112"]
[PlyCount "107"]
[EventDate "2016.??.??"]

1. Nf3 g6 2. g3 Bg7 3. Bg2 d6 4. d4 Nf6 5. c4 O-O 6. Nc3 Nbd7 7. O-O e5 8. e4
c6 9. Re1 exd4 10. Nxd4 Re8 11. h3 a5 12. Be3 Nc5 13. Qc2 a4 14. Rad1 Qa5 15.
Bf4 Bf8 16. b3 Nfd7 17. Bd2 axb3 18. axb3 Qc7 19. f4 Bg7 20. Be3 Qa5 21. Kh2
Qb4 22. Rb1 f5 23. Bd2 Qb6 24. Nf3 Nxe4 25. Nxe4 fxe4 26. Rxe4 Rxe4 27. Qxe4
Nf6 28. Qe3 Qxe3 29. Bxe3 d5 30. cxd5 Nxd5 31. Bd4 Ra2 32. Re1 Bxd4 33. Nxd4
Bd7 34. Re2 Rxe2 35. Nxe2 Ne3 36. Bf3 Kf7 37. g4 Ke6 38. Kg1 Kd6 39. Kf2 Nd5
40. Ke1 Kc5 41. Kd2 Be6 42. Be4 Ne7 43. Kc3 Bd5 44. Ng3 Kd6 45. h4 c5 46. h5 b5
47. hxg6 hxg6 48. f5 Ke5 49. Bd3 gxf5 50. Nxf5 b4+ 51. Kc2 Nxf5 52. Bxf5 c4 53.
bxc4 Bxc4 54. Kb2 1/2-1/2

[Event "Zicosur Open"]
[Site "chess24.com"]
[Date "2016.01.09"]
[Round "7"]
[White "Pichot, Alan"]
[Black "Cheparinov, Ivan"]
[Result "1/2-1/2"]
[Board "1"]
[WhiteTitle "IM"]
[WhiteElo "2517"]
[WhiteCountry "ARG"]
[WhiteFideId "110973"]
[WhiteEloChange "2"]
[BlackTitle "GM"]
[BlackElo "2682"]
[BlackCountry "BUL"]
[BlackFideId "2905540"]
[BlackEloChange "-2"]

1. e4 {[%clk 1:30:56]} c5 {[%clk 1:30:56]} 2. Nf3 {[%clk 1:31:20]} d6 {[%clk
1:31:22]} 3. d4 {[%clk 1:31:44]} cxd4 {[%clk 1:31:47]} 4. Nxd4 {[%clk 1:32:07]}
Nf6 {[%clk 1:32:14]} 5. Nc3 {[%clk 1:32:29]} a6 {[%clk 1:32:40]} 6. h3 {[%clk
1:32:51]} e6 {[%clk 1:32:59]} 7. g4 {[%clk 1:33:05]} Be7 {[%clk 1:33:22]} 8. g5
{[%clk 1:33:22]} Nfd7 {[%clk 1:33:47]} 9. h4 {[%clk 1:33:12]} b5 {[%clk 1:33:48]}
10. a3 {[%clk 1:33:26]} Bb7 {[%clk 1:34:04]} 11. Be3 {[%clk 1:33:32]} Nc6 {[%clk
1:34:01]} 12. Qd2 {[%clk 1:33:10]} Rc8 {[%clk 1:33:50]} 13. Nxc6 {[%clk 1:31:59]}
Rxc6 {[%clk 1:34:08]} 14. O-O-O {[%clk 1:25:35]} O-O {[%clk 1:22:04]} 15. h5
{[%clk 1:20:41]} Ne5 {[%clk 1:15:29]} 16. h6 {[%clk 1:03:12]} g6 {[%clk 1:15:58]}
17. Qd4 {[%clk 1:01:15]} f6 {[%clk 1:15:56]} 18. f4 {[%clk 0:49:15]} Nc4 {[%clk
1:11:38]} 19. f5 {[%clk 0:46:50]} Nxe3 {[%clk 1:04:29]} 20. Qxe3 {[%clk 0:47:13]}
Rc5 {[%clk 0:50:46]} 21. fxg6 {[%clk 0:33:37]} hxg6 {[%clk 0:50:45]} 22. Bh3
{[%clk 0:34:02]} f5 {[%clk 0:44:17]} 23. Rhg1 {[%clk 0:28:12]} Re5 {[%clk
0:43:51]} 24. Qf4 {[%clk 0:23:49]} fxe4 {[%clk 0:34:49]} 25. Qxe5 {[%clk
0:24:10]} dxe5 {[%clk 0:35:16]} 26. Bxe6+ {[%clk 0:24:27]} Kh7 {[%clk 0:35:42]}
27. Rxd8 {[%clk 0:24:51]} Rxd8 {[%clk 0:32:35]} 28. Nd1 {[%clk 0:14:53]} Bc5
{[%clk 0:31:19]} 29. Re1 {[%clk 0:12:03]} Rf8 {[%clk 0:30:52]} 30. Nc3 {[%clk
0:10:30]} Be7 {[%clk 0:19:48]} 31. Nxe4 {[%clk 0:07:45]} Bxe4 {[%clk 0:19:31]}
32. Rxe4 {[%clk 0:08:10]} Bxg5+ {[%clk 0:19:49]} 33. Kd1 {[%clk 0:07:11]} Rd8+
{[%clk 0:19:43]} 34. Ke1 {[%clk 0:07:20]} Bc1 {[%clk 0:18:45]} 35. b3 {[%clk
0:03:09]} Bd2+ {[%clk 0:17:21]} 36. Ke2 {[%clk 0:02:26]} Bc3 {[%clk 0:17:10]} 37.
Rh4 {[%clk 0:01:07]} Rd2+ {[%clk 0:16:14]} 38. Ke3 {[%clk 0:01:32]} Rxc2 {[%clk
0:14:15]} 39. Bf7 {[%clk 0:01:09]} Bd4+ {[%clk 0:14:10]} 40. Kd3 {[%clk 0:00:45]}
Rc6 {[%clk 0:12:25]} 41. a4 {[%clk 0:00:33]} bxa4 {[%clk 0:11:04]} 42. bxa4
{[%clk 0:00:55]} a5 {[%clk 0:11:28]} 43. Bd5 {[%clk 0:00:33]} Rc3+ {[%clk
0:11:22]} 44. Kd2 {[%clk 0:00:37]} Ra3 {[%clk 0:11:14]} 45. Bc6 {[%clk 0:01:06]}
Be3+ {[%clk 0:10:26]} 46. Ke2 {[%clk 0:00:49]} Bf4 {[%clk 0:08:31]} 47. Be8
{[%clk 0:00:41]} Rg3 {[%clk 0:06:47]} 48. Kf2 {[%clk 0:00:35]} Rg5 {[%clk
0:06:54]} 49. Kf3 {[%clk 0:00:38]} Rf5 {[%clk 0:07:09]} 50. Ke4 {[%clk 0:00:33]}
Rf8 {[%clk 0:07:30]} 51. Bc6 {[%clk 0:00:32]} Rd8 {[%clk 0:07:27]} 52. Bd5 {[%clk
0:00:35]} Rb8 {[%clk 0:07:43]} 53. Bc6 {[%clk 0:00:40]} Rd8 {[%clk 0:06:09]} 54.
Bd5 {[%clk 0:00:56]} Rd6 {[%clk 0:06:15]} 55. Rh1 {[%clk 0:00:53]} Rb6 {[%clk
0:06:38]} 56. Kf3 {[%clk 0:00:40]} Bxh6 {[%clk 0:06:24]} 57. Ke4 {[%clk 0:00:57]}
Rb4+ {[%clk 0:06:35]} 58. Kxe5 {[%clk 0:01:22]} Rxa4 {[%clk 0:07:02]} 59. Be4
{[%clk 0:01:01]} Rb4 {[%clk 0:07:11]} 60. Rd1 {[%clk 0:00:37]} Bg7+ {[%clk
0:07:13]} 61. Kf4 {[%clk 0:00:47]} Rb6 {[%clk 0:07:09]} 62. Rd5 {[%clk 0:00:35]}
Ra6 {[%clk 0:06:54]} 63. Bd3 {[%clk 0:00:45]} Rf6+ {[%clk 0:02:23]} 64. Kg5
{[%clk 0:00:59]} a4 {[%clk 0:02:31]} 65. Ra5 {[%clk 0:00:56]} Rd6 {[%clk
0:02:53]} 66. Bc2 {[%clk 0:01:06]} Bh6+ {[%clk 0:01:57]} 67. Kg4 {[%clk 0:01:27]}
1/2-1/2

[Event "Zicosur Open"]
[Site "chess24.com"]
[Date "2016.01.09"]
[Round "7"]
[White "Tiviakov, Sergei"]
[Black "Granda Zuniga, Julio E"]
[Result "1/2-1/2"]
[Board "3"]
[WhiteTitle "GM"]
[WhiteElo "2611"]
[WhiteCountry "NED"]
[WhiteFideId "1008013"]
[WhiteEloChange "1"]
[BlackTitle "GM"]
[BlackElo "2683"]
[BlackCountry "PER"]
[BlackFideId "3800024"]
[BlackEloChange "-1"]

1. e4 {[%clk 1:30:47]} c6 {[%clk 1:30:52]} 2. d4 {[%clk 1:31:11]} d5 {[%clk
1:31:19]} 3. Nd2 {[%clk 1:31:35]} dxe4 {[%clk 1:31:45]} 4. Nxe4 {[%clk 1:31:59]}
Bf5 {[%clk 1:32:13]} 5. Ng3 {[%clk 1:32:22]} Bg6 {[%clk 1:32:42]} 6. Nh3 {[%clk
1:32:43]} Nf6 {[%clk 1:32:53]} 7. Nf4 {[%clk 1:32:56]} e5 {[%clk 1:32:56]} 8.
dxe5 {[%clk 1:31:19]} Qa5+ {[%clk 1:33:24]} 9. c3 {[%clk 1:31:42]} Qxe5+ {[%clk
1:33:50]} 10. Be2 {[%clk 1:32:06]} Qc7 {[%clk 1:28:57]} 11. Nfh5 {[%clk 1:27:21]}
Nbd7 {[%clk 1:20:16]} 12. O-O {[%clk 1:23:37]} Nxh5 {[%clk 1:17:39]} 13. Nxh5
{[%clk 1:23:33]} O-O-O {[%clk 1:17:43]} 14. Bf4 {[%clk 1:23:54]} Ne5 {[%clk
1:12:57]} 15. Qa4 {[%clk 1:19:57]} Kb8 {[%clk 1:11:47]} 16. Be3 {[%clk 1:07:07]}
b6 {[%clk 1:11:59]} 17. Rad1 {[%clk 1:06:20]} Bd6 {[%clk 1:09:43]} 18. Rfe1
{[%clk 0:58:10]} f5 {[%clk 1:03:00]} 19. Bf4 {[%clk 0:51:49]} Rhe8 {[%clk
1:03:11]} 20. Ng3 {[%clk 0:46:00]} Nf7 {[%clk 1:01:29]} 21. Bxd6 {[%clk 0:40:42]}
Rxd6 {[%clk 1:01:45]} 22. Rxd6 {[%clk 0:39:15]} Qxd6 {[%clk 1:01:40]} 23. Rd1
{[%clk 0:39:27]} Qc7 {[%clk 1:02:01]} 24. f4 {[%clk 0:34:52]} Rd8 {[%clk
1:01:11]} 25. Rxd8+ {[%clk 0:35:01]} Nxd8 {[%clk 1:01:31]} 26. Bf3 {[%clk
0:30:06]} Qd7 {[%clk 0:59:30]} 27. Qc2 {[%clk 0:24:40]} Qe6 {[%clk 0:57:50]} 28.
Qd2 {[%clk 0:22:24]} Kc7 {[%clk 0:57:49]} 29. b3 {[%clk 0:21:18]} Be8 {[%clk
0:57:47]} 30. Kf2 {[%clk 0:21:02]} g6 {[%clk 0:57:52]} 31. Nf1 {[%clk 0:20:50]}
Qd6 {[%clk 0:58:02]} 32. Qxd6+ {[%clk 0:19:20]} 1/2-1/2

[Event "Zicosur Open"]
[Site "chess24.com"]
[Date "2016.01.09"]
[Round "7"]
[White "Perez Ponsa, Federico"]
[Black "Gemy, Jose Daniel"]
[Result "1/2-1/2"]
[Board "4"]
[WhiteTitle "GM"]
[WhiteElo "2577"]
[WhiteCountry "ARG"]
[WhiteFideId "117927"]
[WhiteEloChange "-2"]
[BlackTitle "IM"]
[BlackElo "2407"]
[BlackCountry "BOL"]
[BlackFideId "3301478"]
[BlackEloChange "2"]

1. e4 {[%clk 1:30:55]} e5 {[%clk 1:27:13]} 2. Nf3 {[%clk 1:31:18]} Nc6 {[%clk
1:27:29]} 3. Bb5 {[%clk 1:31:29]} Nf6 {[%clk 1:26:11]} 4. d3 {[%clk 1:30:54]} d6
{[%clk 1:25:02]} 5. O-O {[%clk 1:29:48]} Bd7 {[%clk 1:23:37]} 6. c4 {[%clk
1:24:09]} Ne7 {[%clk 1:16:52]} 7. Bxd7+ {[%clk 1:21:31]} Nxd7 {[%clk 1:13:23]} 8.
d4 {[%clk 1:21:00]} g6 {[%clk 1:11:31]} 9. Nc3 {[%clk 1:20:58]} Bg7 {[%clk
1:11:42]} 10. Be3 {[%clk 1:18:40]} O-O {[%clk 1:11:31]} 11. dxe5 {[%clk 1:11:40]}
dxe5 {[%clk 1:10:13]} 12. Qb3 {[%clk 1:10:14]} Qc8 {[%clk 1:08:48]} 13. Rfd1
{[%clk 1:04:35]} Re8 {[%clk 0:58:57]} 14. Rd2 {[%clk 1:02:32]} Nf8 {[%clk
0:53:55]} 15. Rad1 {[%clk 1:02:21]} Ne6 {[%clk 0:53:52]} 16. Ng5 {[%clk 0:52:39]}
Nxg5 {[%clk 0:32:17]} 17. Bxg5 {[%clk 0:53:06]} Nc6 {[%clk 0:32:44]} 18. Nd5
{[%clk 0:50:22]} Qg4 {[%clk 0:29:17]} 19. Qe3 {[%clk 0:37:40]} Rac8 {[%clk
0:28:19]} 20. Nf6+ {[%clk 0:34:36]} Bxf6 {[%clk 0:28:33]} 21. Bxf6 {[%clk
0:35:01]} Qe6 {[%clk 0:28:29]} 22. Qg5 {[%clk 0:34:27]} h6 {[%clk 0:21:33]} 23.
Qh4 {[%clk 0:33:58]} Nd4 {[%clk 0:19:29]} 24. Bxe5 {[%clk 0:19:22]} Qxe5 {[%clk
0:16:34]} 25. Rxd4 {[%clk 0:19:48]} c5 {[%clk 0:16:48]} 26. Rd7 {[%clk 0:19:47]}
Qxe4 {[%clk 0:16:23]} 27. Qxe4 {[%clk 0:20:04]} Rxe4 {[%clk 0:16:51]} 28. Rxb7
{[%clk 0:20:08]} Rxc4 {[%clk 0:16:36]} 29. g3 {[%clk 0:20:26]} Rb4 {[%clk
0:15:38]} 1/2-1/2

[Event "Zicosur Open"]
[Site "chess24.com"]
[Date "2016.01.09"]
[Round "7"]
[White "Garcia Cardenas, Pablo"]
[Black "Cruz, Cristhian"]
[Result "1-0"]
[Board "5"]
[WhiteTitle "IM"]
[WhiteElo "2405"]
[WhiteCountry "CHI"]
[WhiteFideId "3406903"]
[WhiteEloChange "7"]
[BlackTitle "GM"]
[BlackElo "2553"]
[BlackCountry "PER"]
[BlackFideId "3801969"]
[BlackEloChange "-7"]

1. d4 {[%clk 1:30:58]} Nf6 {[%clk 1:28:35]} 2. c4 {[%clk 1:31:18]} e6 {[%clk
1:28:58]} 3. Nc3 {[%clk 1:31:42]} Bb4 {[%clk 1:29:17]} 4. Qc2 {[%clk 1:32:06]} d6
{[%clk 1:29:18]} 5. Bg5 {[%clk 1:32:04]} Nbd7 {[%clk 1:28:39]} 6. e3 {[%clk
1:32:01]} e5 {[%clk 1:24:39]} 7. Nf3 {[%clk 1:23:14]} O-O {[%clk 1:17:27]} 8. a3
{[%clk 1:11:41]} exd4 {[%clk 1:02:29]} 9. Nxd4 {[%clk 0:59:35]} Bxc3+ {[%clk
0:58:49]} 10. Qxc3 {[%clk 1:00:03]} b6 {[%clk 0:56:47]} 11. f3 {[%clk 0:47:02]}
Bb7 {[%clk 0:56:26]} 12. Be2 {[%clk 0:42:59]} Re8 {[%clk 0:51:31]} 13. O-O {[%clk
0:37:58]} Qe7 {[%clk 0:17:42]} 14. Nf5 {[%clk 0:21:48]} Qe5 {[%clk 0:11:08]} 15.
Qc2 {[%clk 0:17:31]} g6 {[%clk 0:08:54]} 16. Nh6+ {[%clk 0:17:56]} Kg7 {[%clk
0:09:21]} 17. Bf4 {[%clk 0:17:55]} Qe7 {[%clk 0:07:16]} 18. Qc3 {[%clk 0:17:33]}
Ne5 {[%clk 0:06:32]} 19. Bg5 {[%clk 0:14:21]} Ne4 {[%clk 0:02:16]} 20. fxe4
{[%clk 0:13:49]} Qxg5 {[%clk 0:02:44]} 21. Nxf7 {[%clk 0:14:10]} Qe7 {[%clk
0:03:12]} 22. Rf4 {[%clk 0:10:33]} g5 {[%clk 0:01:29]} 23. Nxg5 {[%clk 0:10:30]}
Rf8 {[%clk 0:01:27]} 24. Raf1 {[%clk 0:10:09]} Kh6 {[%clk 0:00:41]} 25. Nf7+
{[%clk 0:06:33]} Rxf7 {[%clk 0:00:38]} 26. Rxf7 {[%clk 0:07:02]} Nxf7 {[%clk
0:00:58]} 27. Rf6+ {[%clk 0:07:23]} Kg7 {[%clk 0:00:34]} 28. Re6+ {[%clk
0:07:18]} Kf8 {[%clk 0:01:03]} 29. Rxe7 {[%clk 0:07:38]} Kxe7 {[%clk 0:01:32]}
30. Qg7 {[%clk 0:07:47]} Bxe4 {[%clk 0:01:56]} 31. Bf3 {[%clk 0:08:09]} Bxf3
{[%clk 0:02:12]} 32. gxf3 {[%clk 0:08:37]} h6 {[%clk 0:02:31]} 33. f4 {[%clk
0:08:39]} 1-0

[Event "Zicosur Open"]
[Site "chess24.com"]
[Date "2016.01.09"]
[Round "7"]
[White "Valenzuela Gomez, Fernando"]
[Black "Martinez Alcantara, Jose Eduardo"]
[Result "1-0"]
[Board "6"]
[WhiteTitle "FM"]
[WhiteElo "2293"]
[WhiteCountry "CHI"]
[WhiteFideId "3409392"]
[WhiteEloChange "15"]
[BlackTitle "FM"]
[BlackElo "2469"]
[BlackCountry "PER"]
[BlackFideId "3805662"]
[BlackEloChange "-7"]

1. d4 {[%clk 1:23:39]} Nf6 {[%clk 1:30:51]} 2. c4 {[%clk 1:24:07]} e6 {[%clk
1:31:12]} 3. Nc3 {[%clk 1:24:31]} Bb4 {[%clk 1:31:39]} 4. Nf3 {[%clk 1:24:55]} b6
{[%clk 1:30:39]} 5. e3 {[%clk 1:20:09]} c5 {[%clk 1:21:11]} 6. Bd3 {[%clk
1:16:31]} Bb7 {[%clk 1:14:42]} 7. O-O {[%clk 1:16:32]} O-O {[%clk 1:13:24]} 8.
Bd2 {[%clk 1:04:15]} cxd4 {[%clk 1:05:51]} 9. exd4 {[%clk 1:01:24]} Be7 {[%clk
1:00:41]} 10. d5 {[%clk 0:58:58]} exd5 {[%clk 0:28:39]} 11. cxd5 {[%clk 0:53:37]}
Nxd5 {[%clk 0:28:04]} 12. Nxd5 {[%clk 0:50:16]} Bxd5 {[%clk 0:27:25]} 13. Bc3
{[%clk 0:50:14]} Be6 {[%clk 0:14:09]} 14. Nd4 {[%clk 0:43:21]} Bf6 {[%clk
0:07:43]} 15. Qh5 {[%clk 0:17:55]} h6 {[%clk 0:04:50]} 16. Nxe6 {[%clk 0:11:47]}
fxe6 {[%clk 0:05:18]} 17. Qg6 {[%clk 0:09:30]} Bxc3 {[%clk 0:05:37]} 18. Qh7+
{[%clk 0:09:49]} Kf7 {[%clk 0:06:06]} 19. Qg6+ {[%clk 0:10:06]} Ke7 {[%clk
0:05:00]} 20. bxc3 {[%clk 0:10:32]} Rf7 {[%clk 0:05:29]} 21. Be4 {[%clk 0:10:33]}
Nc6 {[%clk 0:04:25]} 22. Bxc6 {[%clk 0:10:39]} dxc6 {[%clk 0:04:55]} 23. Rfe1
{[%clk 0:10:16]} Qd5 {[%clk 0:03:57]} 24. Rad1 {[%clk 0:08:32]} Qf5 {[%clk
0:04:15]} 25. Qg3 {[%clk 0:08:34]} Qf4 {[%clk 0:01:36]} 26. Qd3 {[%clk 0:07:07]}
Qxf2+ {[%clk 0:00:47]} 27. Kh1 {[%clk 0:07:36]} Kf8 {[%clk 0:00:52]} 28. Rf1
{[%clk 0:06:42]} Qc5 {[%clk 0:00:46]} 29. Qh7 {[%clk 0:07:02]} Ke8 {[%clk
0:00:34]} 30. Rxf7 {[%clk 0:06:16]} 1-0

[Event "Zicosur Open"]
[Site "chess24.com"]
[Date "2016.01.09"]
[Round "7"]
[White "Terry, Renato"]
[Black "Principe, Alexander"]
[Result "1/2-1/2"]
[Board "7"]
[WhiteTitle "FM"]
[WhiteElo "2465"]
[WhiteCountry "PER"]
[WhiteFideId "3803457"]
[WhiteEloChange "-2"]
[BlackTitle "FM"]
[BlackElo "2339"]
[BlackCountry "PER"]
[BlackFideId "3804542"]
[BlackEloChange "3"]

1. c4 {[%clk 1:30:09]} Nf6 {[%clk 1:24:28]} 2. g3 {[%clk 1:27:42]} g6 {[%clk
1:24:51]} 3. Bg2 {[%clk 1:28:09]} Bg7 {[%clk 1:25:10]} 4. Nc3 {[%clk 1:28:00]}
O-O {[%clk 1:25:26]} 5. e3 {[%clk 1:28:14]} d6 {[%clk 1:23:29]} 6. Nge2 {[%clk
1:28:37]} c6 {[%clk 1:22:49]} 7. O-O {[%clk 1:27:49]} Qa5 {[%clk 1:20:00]} 8. Rb1
{[%clk 1:20:55]} Qh5 {[%clk 1:17:04]} 9. Nf4 {[%clk 1:14:50]} Qxd1 {[%clk
1:19:53]} 10. Rxd1 {[%clk 1:15:42]} e5 {[%clk 1:20:04]} 11. Nfe2 {[%clk 1:15:05]}
Be6 {[%clk 1:19:47]} 12. b3 {[%clk 0:57:46]} Re8 {[%clk 1:02:58]} 13. d4 {[%clk
0:51:21]} Bf5 {[%clk 0:56:27]} 14. e4 {[%clk 0:45:00]} Be6 {[%clk 0:48:45]} 15.
d5 {[%clk 0:29:48]} cxd5 {[%clk 0:49:10]} 16. Nb5 {[%clk 0:30:12]} d4 {[%clk
0:47:25]} 17. Nc7 {[%clk 0:29:10]} Nc6 {[%clk 0:47:37]} 18. Nxa8 {[%clk 0:29:34]}
Rxa8 {[%clk 0:47:57]} 19. Ba3 {[%clk 0:27:56]} Bf8 {[%clk 0:47:54]} 20. Nc1
{[%clk 0:28:17]} Nd7 {[%clk 0:45:17]} 21. Nd3 {[%clk 0:28:36]} b6 {[%clk
0:39:39]} 22. f4 {[%clk 0:27:13]} f6 {[%clk 0:39:57]} 23. f5 {[%clk 0:26:51]} Bf7
{[%clk 0:40:20]} 24. fxg6 {[%clk 0:22:48]} hxg6 {[%clk 0:40:15]} 25. Bh3 {[%clk
0:22:24]} Rd8 {[%clk 0:40:31]} 26. Rf1 {[%clk 0:22:42]} Kg7 {[%clk 0:40:36]}
1/2-1/2